000 00430nam a2200181Ia 4500
001 457
005 20260306140519.0
008 260306t2011||||xx |||||||||||||| ||spa||
041 _aESP
082 _a121
_bE317
100 _aEarls, John
_eAUT
245 0 _aIntroducción a la teoría de sistemas complejos
260 _c2011
300 _a145 páginas :
_c20 cm.
650 _aGEN
654 _aCHU
942 _cLIB
_dJUS
_fJUS
_2ddc
_n
999 _c457
_d457